000 00688nam a2200241 a 4500
001 000018536
005 20200929165822.0
008 781115s1977 ve 000 p spa d
020 _cBs25.00
035 _a(DLC) 78374763
040 _aDO-SdBNP
_cDLC
_dDLC
_dBNPHU
082 _aV861.44
_bC122m
100 1 _aCadenas, Rafael.
_d1930-
_914064
245 1 0 _aMemorial /
_cRafael Cadenas.
260 _aCaracas :
_bMonte Ávila Editores,
_c1977.
300 _a195 p. ;
_c20 cm.
490 1 _aAltazor
650 4 _aPoesía venezolana
_94230
650 4 _aLiteratura venezolana
_ySIGLO XX
_99777
830 0 _aAltazor ;
_98724
910 _aCatalogación por derivada / LC
049 _aBNGR
999 _c18056
_d18056